1578 1528 1504 1643 1385 1913 1727 1899 1906 1550 1686 1307 1887 1393 1940 1487 1568 1276 1932 1820 1441 1583 1763 1699 1256 1695 1785 1514 1228 1807 1908 1686 1308 1548 1882 1557 1099 1491 1621 1530 1440 1821 1226 1897 1241 1623 1997 1625 1270 1546 1540 1475 1243 1501 1156 1742 1256 1822 1897 1937 1421 1287 1868 1723 1084 1290 1372 1263 1731 1479 1797 1484 1784 1535 1023 1819 1031 1863 1019 1037 1855 1728 1091 1842 1757 1709 1542 1605 1498 1007 1612 1967 1933 1542 1414 1055 1906 1495 1776 BCNSPRNW ULIB Ver.6.0+V

เปลี่ยนเป็นภาษาไทย

Change to English
 แสดงรายละเอียดบรรณานุกรม
  กลับหน้าหลัก

Brief Record : Get Marc (ISO 2709) : E-mail record : QR code < ปิดหน้าต่าง
LEADER : 00000nam 2200000uu 4500
001    13399114754
003     ULIB
008    120514s2554||||th 000 0 tha d
020    ^a9786167291123
060 04 ^aWS420^bช149ฉ
100 0  ^aชนิกา ตู้จินดา
245 10 ^aฉลาดรู้ดูแลลูกแรกเกิด /^cชนิกา ตู้จินดา
250    ^aพิมพ์ครั้งที่ 1
260    ^aกรุงเทพฯ :^bรักลูกBooks,^c2554
300    ^a135 หน้า
650  7 ^aทารกแรกเกิด
650  7 ^aคู่มือดูแลลูก
650  7 ^aลูกแรกเกิด
710 2  ^aรักลูกBooks
945    ^p165^l0^i19031
995    ^aกัณชพร
999    ^aใช้งานได้ทุกระบบ
รายการนี้ยังไม่มีแท็ก
คุณยังไม่ได้ล็อกอิน คุณสามารถมีกิจกรรมร่วมกับเว็บไซต์ได้ แต่ต้องล็อกอินก่อน ::
  ล็อกอิน

รายการสื่อสารสนเทศ

ลำดับที่ ประเภท เลขเรียก/บาร์โค้ด สถานที่ สถานะ
1. วิทยาศาสตร์การแพทย์ และสุขภาพ
วิทยาศาสตร์การแพทย์ และสุขภาพ
สถานะ=หนังสือเก่า
WS420 ช149ฉ  
  Barcode: 19031
ห้องสมุดวิทยาเขตนครสวรรค์
►ส่วนจัดเก็บหนังสือเก่า นว.
บนชั้น
  ขอยืม

รายการใกล้เคียง
    ผู้แต่ง [ชนิกา ตู้จินดา]

    หัวเรื่อง [ทารกแรกเกิด]
    หัวเรื่อง [คู่มือดูแลลูก]
    หัวเรื่อง [ลูกแรกเกิด]

BibComment


ยังไม่เคยถูกคอมเมนท์

คอมเมนท์ทรัพยากรรายการนี้
  คอมเมนท์: ฉลาดรู้ดูแลลูกแร..


 Copyright 2026. Bcnsprnw @Library